| Tag |
First Indicator |
Second Indicator |
Subfields |
| LEADER |
00000cam a2200000 4500 |
| 001 |
in00000075398 |
| 005 |
20151008052635.0 |
| 008 |
751014s1937 paubcfh 00010beng |
| 010 |
|
|
|a 38001467
|
| 035 |
|
|
|a (OCoLC)01700156
|
| 035 |
|
|
|9 AAH4253AM
|
| 040 |
|
|
|a DLC
|c DZM
|d TXA
|d UtOrBLW
|
| 049 |
|
|
|a TXAM
|c [288968]
|
| 050 |
0 |
0 |
|a E302.6.W62
|b K6
|
| 082 |
0 |
|
|a 923.373
|
| 092 |
|
|
|a 332.1
|b W7333k
|
| 100 |
1 |
|
|a Konkle, Burton Alva,
|d 1861-1944.
|
| 245 |
1 |
0 |
|a Thomas Willing and the first American financial system /
|c by Burton Alva Konkle.
|
| 264 |
|
1 |
|a Philadelphia :
|b University of Pennsylvania press;
|a London :
|b H. Milford, Oxford university press,
|c 1937.
|
| 300 |
|
|
|a xii, 237 pages :
|b frontispiece, plates, portraits, map, facsimiles ;
|c 24 cm.
|
| 336 |
|
|
|a text
|b txt
|2 rdacontent
|
| 337 |
|
|
|a unmediated
|b n
|2 rdamedia
|
| 338 |
|
|
|a volume
|b nc
|2 rdacarrier
|
| 600 |
1 |
0 |
|a Willing, Thomas,
|d 1731-1821.
|
| 610 |
2 |
0 |
|a Bank of the United States (1791-1811)
|
| 610 |
2 |
0 |
|a Bank of North America.
|
| 650 |
|
0 |
|a Banks and banking
|z United States
|x History.
|
| 999 |
|
|
|a MARS
|
| 999 |
f |
f |
|s 93667682-b671-37e5-b442-db7098da7a07
|i dec8d086-10a3-3d2b-a69c-45bf5498fbd2
|t 0
|
| 952 |
f |
f |
|p ric
|a Texas A&M University
|b Rellis Campus
|c Joint Library Facility
|d Remote Storage
|t 0
|e E302.6.W62 K6
|h Library of Congress classification
|i unmediated -- volume
|m A14800728998
|
| 998 |
f |
f |
|a E302.6.W62 K6
|t 0
|l Remote Storage
|